| 000 | 00496nam a2200169Ia 4500 | ||
|---|---|---|---|
| 999 |
_c27935 _d27935 |
||
| 003 | OSt | ||
| 005 | 20201124134242.0 | ||
| 008 | 190216s9999||||xx |||||||||||||| ||und|| | ||
| 040 | _coclc | ||
| 082 |
_a894.8123 _bKOC/K |
||
| 100 |
_aKochubava, T V _96443 |
||
| 245 | 0 |
_aKathayum Jeevithavum Onnayitheerunnathinepatti / _cT V Kochubava |
|
| 260 |
_bDc Books, _a Kottayam: _c1999. |
||
| 300 | _a76p | ||
| 650 | _aNovel | ||
| 942 |
_cBK _2ddc _h894.8123 _iKOC/K _k894.8123 _mKOC/K |
||